000 02733nam a2200457 c 4500
003 BLK
005 20180422105327.0
008 180409b bul|||||r ||||||| ||bul||
010 _aKNG00105329000
020 _a954-733-303-8
_bиздат.: Прозорец
040 _aBLK
041 _aBUL
_cBUL
080 _aСпециални пехотни части - Командоси. Парашутни части. Въздушно-десантни части
_b356.16
_x(73)(093.3)
_z356.16(73)(093.3)
080 _aПолитическо преследване. Терористични действия. Тероризъм - Атентати, политически убийства. Вж и 343.1 ; 343.3/.7
_b323.28
_x(093.3)
_z323.28(093.3)
080 _aОбща организация на въоръженните сили. Войска и флота - Подразделение в различните родове войски (армии, дивизии, полкове, ескадри и др. )Чинове и длъжности на военнослужещите и др.
_b355.3
_x(73)(092)(093.3)
_z355.3(73)(092)(093.3)
080 _a
_b929 Стайнър, Карл
_x
_z929 Стайнър, Карл
100 1 _aКланси, Том
_eпърви автор
_979533
700 1 _aСтайнър, Карл
_eсъавт.
_9308399
700 1 _aБенатов, Лъчезар Мориц
_eпрев.
_9368179
139 _aКланси, Том и др.
_bК 63
245 1 0 _aВоини в сянка
_bСпец. сили - поглед отвътре
_cТом Кланси; съавт. Карл Стайнър; прев. Лъчезар Мориц Бенатов.
257 _aUSA
260 София
_bПрозорец
_c2003
_fСофия : Инвестпрес АД
300 _a464 с.
_c24 см
380 _a3
490 1 _aПоредица Хроника
_v39
500 _aОриг. загл. Shadow Warriors - Inside the Special Forces / Tom Clancy, Carl Stiner. - Съдържа и Кратка история на командването за специални операции на Съединените щати ; Лидерите. - Офс. изд. - 300 тир.
600 1 4 _aСтайнър, Карл
_9374646
650 4 _aСпециални части - командоси, десантчици и др.
_9295541
650 4 _aТероризъм
_9173548
650 4 _aОфицери, американски
_9308400
653 _aкомандоси
653 _aспециални пехотни части
653 _aамериканци
653 _aофицери
852 _aЦб 214313
856 4 _qpdf
_u
856 4 _qpdf
_u
942 _cKNG
_n0
944 _aCR
_c01.01.2003
_kГеновева_Генчева
944 _aED
_c30.05.2005
_k
999 _c100311
_d100311